General anthropology / (Record no. 143399)

MARC details
000 -LEADER
fixed length control field 00574nam a22001937a 4500
005 - DATE AND TIME OF LATEST TRANSACTION
control field 20170816123603.0
010 ## - LCCN (DPL NO)
LC control number ENG-119693
020 ## - INTERNATIONAL STANDARD BOOK NUMBER
Terms of availability 1180.00
035 ## - SYSTEM CONTROL NUMBER
System control number EN-103225
037 ## - SOURCE OF ACQUISITION
Source of stock number/acquisition DBAD/PUB
082 ## - DEWEY DECIMAL CLASSIFICATION NUMBER
Classification number 572.982
100 ## - MAIN ENTRY--PERSONAL NAME
Personal name Reddy, V. Rami
245 ## - TITLE STATEMENT
Title General anthropology /
Statement of responsibility, etc by V. Rami Reddy
260 ## - PUBLICATION, DISTRIBUTION, ETC. (IMPRINT)
Place of publication, distribution, etc Tirupati (AP)
Name of publisher, distributor, etc V. Indira
Date of publication, distribution, etc 2012
270 ## - ADDRESS
Address 8-30, (Opp.) Vidyanagar, SVUNT Colony,
City Tirupati (AP)
Postal code 517502
300 ## - PHYSICAL DESCRIPTION
Extent xii,289p.
Dimensions 26cm(pbk)
500 ## - GENERAL NOTE
General note Includes bibliographical references
942 ## - ADDED ENTRY ELEMENTS (KOHA)
Source of classification or shelving scheme Dewey Decimal Classification
Item type English Books
Classification part 572.982
Call number suffix RED
Holdings
Withdrawn status Lost status Not for loan Collection code Home library Current library Date acquired Source of acquisition Cost, normal purchase price Full call number Barcode Copy number Cost, replacement price Koha item type
      Non-fiction D.B.Act.Division Mobile Library 16/08/2017 DBAD/PUB 1180.00 572.982 RED EN-103225 1 1180.00 English Books

© Delhi Public Library
Hit Counter
free hit counter